000 00650nam a2200205Ia 4500
001 13694
003 GE_BSU
008 181216s||||||||xx |||||||||||||| ||und||
040 _cGE_BSU
080 _a621.75(035.3)
245 _aНормирование расхода материалов в машиностроении. Том.II.
245 _bСправочник.
245 _cПод ред. В.В.Валетова.
260 _aМ.
260 _bМашгиз.
260 _c1961.
300 _a480 стр. 22 см.
653 _aНормирование расхода материалов в машиностроении.
942 _cBK
999 _c46842
_d46842